| 000 | 00382nam a2200157Ia 4500 | ||
|---|---|---|---|
| 008 | 230524s9999 xx 000 0 und d | ||
| 082 |
_a658.401 _bGOP |
||
| 100 | _aP.Gopalakrishnan | ||
| 245 | 0 | _aHandbook of Materials Management | |
| 250 | _aIST | ||
| 260 |
_aNEW DELHI _bPHI _c2009 |
||
| 300 | _aXIX;446 | ||
| 500 | _aQuantity Number: 2 | ||
| 650 | _aManagement | ||
| 942 | _cBK | ||
| 999 |
_c45153 _d45153 |
||